An analysis of consumers' purchase decision for sports apparel using Facebook marketplace among Gen Z in Rosario, Cavite / (Record no. 5143)
[ view plain ]
| 000 -LEADER | |
|---|---|
| fixed length control field | 01437nam a22003137a 4500 |
| 003 - CONTROL NUMBER IDENTIFIER | |
| control field | OSt |
| 005 - DATE AND TIME OF LATEST TRANSACTION | |
| control field | 20260413035655.0 |
| 008 - FIXED-LENGTH DATA ELEMENTS--GENERAL INFORMATION | |
| fixed length control field | 260407b |||||||| |||| 00| 0 eng d |
| 040 ## - CATALOGING SOURCE | |
| Language of cataloging | English. |
| Transcribing agency | CvSU-CCAT Campus Library. |
| Description conventions | rda. |
| 050 ## - LIBRARY OF CONGRESS CALL NUMBER | |
| Classification number | UM HF 5548.32 |
| Item number | C35 2023 |
| 100 ## - MAIN ENTRY--PERSONAL NAME | |
| Personal name | Callejo, Joy Jasmine H., author. |
| 9 (RLIN) | 20314 |
| 245 ## - TITLE STATEMENT | |
| Title | An analysis of consumers' purchase decision for sports apparel using Facebook marketplace among Gen Z in Rosario, Cavite / |
| Statement of responsibility, etc. | Joy Jasmine H. Callejo, Sherilyn G. Destreza, Ferlyn Joy I. Galindez. |
| 260 ## - PUBLICATION, DISTRIBUTION, ETC. | |
| Place of publication, distribution, etc. | Rosario, Cavite : |
| Name of publisher, distributor, etc. | Cavite State University-CCAT Campus, |
| Date of publication, distribution, etc. | 2023. |
| 300 ## - PHYSICAL DESCRIPTION | |
| Extent | ii, 95 leaves : |
| Other physical details | illustrations ; |
| Dimensions | 28 cm |
| 500 ## - GENERAL NOTE | |
| General note | Undergraduate Thesis (BSBA) -- Cavite State University-CCAT Campus, 2023. |
| 504 ## - BIBLIOGRAPHY, ETC. NOTE | |
| Bibliography, etc. note | Includes bibliographical references and appendices. |
| 546 ## - LANGUAGE NOTE | |
| Language note | In English text |
| 650 ## - SUBJECT ADDED ENTRY--TOPICAL TERM | |
| Topical term or geographic name entry element | Electronic commerce |
| 9 (RLIN) | 20315 |
| 650 ## - SUBJECT ADDED ENTRY--TOPICAL TERM | |
| Topical term or geographic name entry element | Consumer behavior |
| 9 (RLIN) | 1254 |
| 650 ## - SUBJECT ADDED ENTRY--TOPICAL TERM | |
| Topical term or geographic name entry element | Social media -- Economic aspects |
| 9 (RLIN) | 20316 |
| 650 ## - SUBJECT ADDED ENTRY--TOPICAL TERM | |
| Topical term or geographic name entry element | Clothing and dress -- Marketing |
| 9 (RLIN) | 18208 |
| 650 ## - SUBJECT ADDED ENTRY--TOPICAL TERM | |
| Topical term or geographic name entry element | Rosario (Cavite, Philippines) |
| 9 (RLIN) | 10643 |
| 700 ## - ADDED ENTRY--PERSONAL NAME | |
| Personal name | Destreza, Sherilyn G., author. |
| 9 (RLIN) | 20317 |
| 700 ## - ADDED ENTRY--PERSONAL NAME | |
| Personal name | Galindez, Ferlyn Joy I., author. |
| 9 (RLIN) | 20318 |
| 700 ## - ADDED ENTRY--PERSONAL NAME | |
| Personal name | Delos Trinos, Jhustyn Ryerson C., adviser. |
| 9 (RLIN) | 18211 |
| 700 ## - ADDED ENTRY--PERSONAL NAME | |
| Personal name | Ambas, Arman M., technical critic. |
| 9 (RLIN) | 6668 |
| 942 ## - ADDED ENTRY ELEMENTS (KOHA) | |
| Source of classification or shelving scheme | Library of Congress Classification |
| Koha item type | Thesis/Manuscripts/Dissertations |
| Classification part | HF 5548.32 C35 2023 |
| Call number prefix | UM |
| Withdrawn status | Lost status | Source of classification or shelving scheme | Damaged status | Not for loan | Collection code | Home library | Current library | Shelving location | Date acquired | Coded location qualifier | Total Checkouts | Full call number | Barcode | Date last seen | Copy number | Price effective from | Koha item type |
|---|---|---|---|---|---|---|---|---|---|---|---|---|---|---|---|---|---|
| Library of Congress Classification | Thesis/Manuscript/Dissertation | Cavite State University - CCAT Campus | Cavite State University - CCAT Campus | TH | 01/20/2026 | UM | UM HF 5548.32 C35 2023 | T0005585 | 04/07/2026 | 1 | 04/08/2026 | Thesis/Manuscripts/Dissertations |
